| 000 | 00567nam a2200145Ia 4500 | ||
|---|---|---|---|
| 008 | 100204s9999 xx 000 0 und d | ||
| 082 | _b5525 | ||
| 100 | _aक्षीरसागर राम | ||
| 245 | _a"क्षण ओघळलेले , वेचलेले" | ||
| 260 |
_b"दिपाली प्रकाशन , कल्याण , ठाणे" _c1983 |
||
| 300 | _a201 | ||
| 630 | _a"क्षण ओघळलेले , वेचलेले" | ||
| 730 | _a"क्षण ओघळलेले , वेचलेले" | ||
| 942 | _cBOOK | ||
| 999 |
_c450099 _d450096 |
||